Statistics for 10 Best USA Cities for Urban Parks

Click here to take the quiz!

General Stats

  • This quiz has been taken 26 times
  • The average score is 5 of 10

Answer Stats

Hint Answer % Correct
8Chicago
96%
9New York
91%
5San Francisco
83%
6Portland
78%
1Minneapolis
65%
3Washington
65%
7Cincinnati
26%
2Saint Paul
22%
4Arlington
4%
10Irvine
0%

Score Distribution

Percentile by Number Answered

Percent of People with Each Score

Your Score History

You have not taken this quiz